Normal view
MARC view
- ALLEN,BRUCE .W/NEIL DOHERTY/KEITH WEIGELT/EDWIN MANSFIELD
Entry Personal Name
001 - CONTROL NUMBER
- control field: 1800
003 - CONTROL NUMBER IDENTIFIER
- control field: JO-AjAnu
005 - DATE AND TIME OF LATEST TRANSACTION
- control field: 20230606070610.0
008 - FIXED-LENGTH DATA ELEMENTS
- fixed length control field: 230606|| aca||aabn | a|a d
040 ## - CATALOGING SOURCE
- Original cataloging agency: JO-AjAnu
- Transcribing agency: JO-AjAnu
100 ## - HEADING--PERSONAL NAME
- Personal name: ALLEN,BRUCE .W/NEIL DOHERTY/KEITH WEIGELT/EDWIN MANSFIELD
670 ## - SOURCE DATA FOUND
- Source citation: Work cat.: (JO-AjAnu)949: ALLEN,BRUCE .W/NEIL DOHERTY/KEITH WEIGELT/EDWIN MANSFIELD, author, Managerial Economics:Theory,Applications,and Cases